<?xml version="1.0" encoding="UTF-8"?>
<record
    xmlns:xsi="http://www.w3.org/2001/XMLSchema-instance"
    xsi:schemaLocation="http://www.loc.gov/MARC21/slim http://www.loc.gov/standards/marcxml/schema/MARC21slim.xsd"
    xmlns="http://www.loc.gov/MARC21/slim">

  <leader>00848nam a22001937a 4500</leader>
  <datafield tag="952" ind1=" " ind2=" ">
    <subfield code="0">0</subfield>
    <subfield code="1">0</subfield>
    <subfield code="2">ddc</subfield>
    <subfield code="4">0</subfield>
    <subfield code="7">0</subfield>
    <subfield code="8">NFIC</subfield>
    <subfield code="a">ASL</subfield>
    <subfield code="b">ASL</subfield>
    <subfield code="c">GEN</subfield>
    <subfield code="d">2021-09-28</subfield>
    <subfield code="e">ASB Collection</subfield>
    <subfield code="l">0</subfield>
    <subfield code="o">954.9288 AMT</subfield>
    <subfield code="p">112066</subfield>
    <subfield code="r">2021-09-28 00:00:00</subfield>
    <subfield code="t">C-1</subfield>
    <subfield code="w">2021-09-28</subfield>
    <subfield code="y">BK</subfield>
  </datafield>
  <datafield tag="999" ind1=" " ind2=" ">
    <subfield code="c">26110</subfield>
    <subfield code="d">26110</subfield>
  </datafield>
  <controlfield tag="003">BDDh-ASL</controlfield>
  <controlfield tag="005">20231015030611.0</controlfield>
  <controlfield tag="008">210926s20021994bg ||||| |||| 00| 0 b   d</controlfield>
  <datafield tag="040" ind1=" " ind2=" ">
    <subfield code="c">BDDh-ASL</subfield>
  </datafield>
  <datafield tag="082" ind1=" " ind2=" ">
    <subfield code="a">954.9288</subfield>
    <subfield code="b">AMT</subfield>
  </datafield>
  <datafield tag="245" ind1="1" ind2="0">
    <subfield code="a">&#x997;&#x9BE;&#x987;&#x9AC;&#x9BE;&#x9A8;&#x9CD;&#x9A7;&#x9BE;&#x9B0; &#x987;&#x9A4;&#x9BF;&#x9B9;&#x9BE;&#x9B8; &#x993; &#x990;&#x9A4;&#x9BF;&#x9B9;&#x9CD;&#x9AF; /</subfield>
  </datafield>
  <datafield tag="246" ind1=" " ind2=" ">
    <subfield code="a">Gaibanghar Itihas o Yeitizza </subfield>
  </datafield>
  <datafield tag="260" ind1=" " ind2=" ">
    <subfield code="a">&#x997;&#x9BE;&#x987;&#x9AC;&#x9BE;&#x9A8;&#x9CD;&#x9A7;&#x9BE;:  </subfield>
    <subfield code="b">&#x997;&#x9BE;&#x987;&#x9AC;&#x9BE;&#x9A8;&#x9CD;&#x9A7;&#x9BE; &#x9AB;&#x9BE;&#x989;&#x9A8;&#x9CD;&#x9A1;&#x9C7;&#x9B6;&#x9A8;, </subfield>
    <subfield code="c">&#x9E8;&#x9E6;&#x9E6;&#x9E8;&#x964; </subfield>
  </datafield>
  <datafield tag="300" ind1=" " ind2=" ">
    <subfield code="a">&#x9E9;&#x9E7;&#x9EB; &#x9AA;&#x9C3;&#x9B7;&#x9CD;&#x9A0;&#x9BE;,  : </subfield>
    <subfield code="c">&#x9E8;&#x9E8; &#x9B8;&#x9C7;. &#x9AE;&#x9BF;. </subfield>
  </datafield>
  <datafield tag="650" ind1=" " ind2="0">
    <subfield code="9">4586</subfield>
    <subfield code="a">History (&#x987;&#x9A4;&#x9BF;&#x9B9;&#x9BE;&#x9B8;)</subfield>
    <subfield code="z">Bangladesh (&#x9AC;&#x9BE;&#x982;&#x9B2;&#x9BE;&#x9A6;&#x9C7;&#x9B6;)</subfield>
  </datafield>
  <datafield tag="651" ind1=" " ind2="0">
    <subfield code="a">Rangpur (&#x9B0;&#x982;&#x9AA;&#x9C1;&#x9B0;)</subfield>
    <subfield code="z"> Bangladesh (&#x9AC;&#x9BE;&#x982;&#x9B2;&#x9BE;&#x9A6;&#x9C7;&#x9B6;) </subfield>
    <subfield code="x">&#x990;&#x9A4;&#x9BF;&#x9B9;&#x9CD;&#x9AF; </subfield>
    <subfield code="9">4596</subfield>
  </datafield>
  <datafield tag="700" ind1="1" ind2=" ">
    <subfield code="9">4626</subfield>
    <subfield code="a">&#x9B0;&#x9BE;&#x99C;&#x9CD;&#x99C;&#x9BE;&#x995;, &#x9AE;&#x9CB;&#x983; &#x986;&#x9AC;&#x9CD;&#x9A6;&#x9C1;&#x9B0; </subfield>
  </datafield>
  <datafield tag="942" ind1=" " ind2=" ">
    <subfield code="2">ddc</subfield>
    <subfield code="c">BK</subfield>
  </datafield>
</record>
